Top 10 Songs by the Eagles - Statistics

General Stats
  • This quiz has been taken 24 times
  • The average score is 6 of 10
Answer Stats
Hint Answer % Correct
1 Hotel California
100%
2 Take It Easy
95%
5 Lyin' Eyes
71%
7 Desperado
62%
6 Life in the Fast Lane
57%
3 New Kid in Town
52%
8 Take It to the Limit
48%
10 Heartache Tonight
33%
4 One of These Nights
24%
9 Best of My Love
19%
No matching quizzes found
Score Distribution
Percent of People with Each Score
Percentile by Number Answered
Your Score History
You have not taken this quiz